Central Library OPAC University of Rajshahi

The roots of French imperialism in Eastern Asia / (Record no. 27079)

MARC details
000 -LEADER
fixed length control field 00720cam a2200241 a 4500
001 - CONTROL NUMBER
control field 27079
003 - CONTROL NUMBER IDENTIFIER
rucl marc code BD-RjUL
005 - DATE AND TIME OF LATEST TRANSACTION
control field 20211209051117.0
008 - FIXED-LENGTH DATA ELEMENTS--GENERAL INFORMATION
fixed length control field 140324s1954 nyub b 00110 eng d
035 ## - SYSTEM CONTROL NUMBER
System control number (BD-RjUL)27150
040 ## - CATALOGING SOURCE
Modifying agency BD-RjUL
Original cataloging agency XNTU
Language of cataloging eng
Transcribing agency XNTU
041 ## - LANGUAGE CODE
Language code of text/sound track or separate title eng
082 00 - DEWEY DECIMAL CLASSIFICATION NUMBER
Classification number 325.344095
Edition number 20
Author mark and year CAR 1954
100 1# - MAIN ENTRY--PERSONAL NAME
Personal name Cady, John F.
9 (RLIN) 83170
245 14 - TITLE STATEMENT
Title The roots of French imperialism in Eastern Asia /
Statement of responsibility, etc. John F. Cady.
260 0# - PUBLICATION, DISTRIBUTION, ETC. (IMPRINT)
Place of publication, distribution, etc. Ithaca, N.Y. :
Name of publisher, distributor, etc. Cornell Univ. Press,
Date of publication, distribution, etc. c1954.
300 ## - PHYSICAL DESCRIPTION
Pagination xiv, 322 p. :
Illustrations ill. ;
Size 24 cm.
504 ## - BIBLIOGRAPHY, ETC. NOTE
Bibliography, etc Bibliography: p. 297-313.
Bibliography, etc Includes index.
650 #0 - SUBJECT ADDED ENTRY--TOPICAL TERM
Topical term or geographic name as entry element French
Geographic subdivision East Asia.
9 (RLIN) 83171
651 #0 - SUBJECT ADDED ENTRY--GEOGRAPHIC NAME
Geographic name France
General subdivision Colonies
Geographic subdivision Asia.
9 (RLIN) 83172
942 ## - ADDED ENTRY ELEMENTS (KOHA)
Source of classification or shelving scheme Dewey Decimal Classification
Koha item type Books
Holdings
Lost status Source of classification or shelving scheme Damaged status Not for loan Collection code Permanent Location Current Location Shelving location Date acquired Source of acquisition Cost, normal purchase price Total Checkouts Full call number Date last seen Copy number Koha item type
  Dewey Decimal Classification   Added to bundle Non-fiction Central Library, University of Rajshahi Central Library, University of Rajshahi Reading Room 22/02/1958 Mahmud 30.00   325.344095 CAR 1954 24/03/2014 C-1 Books